[Event "Barcelona Sant Marti op-A 23rd"]
[Site "Barcelona"]
[Date "2023.07.21"]
[Round "9"]
[White "Pardina Domenech, Victor"]
[Black "Claramunt Bassegoda, Marcel"]
[Result "0-1"]
[WhiteElo "1995"]
[BlackElo "2086"]
[PlyCount "140"]
[EventDate "2023.07.13"]
[EventType "swiss"]
[EventRounds "9"]
[EventCountry "ESP"]
[SourceTitle "CBM 215 Extra"]
[Source "ChessBase"]
[SourceDate "2023.09.30"]
[SourceVersion "1"]
[SourceVersionDate "2023.09.30"]
[SourceQuality "1"]

1. e4 c6 2. d4 d5 3. f3 dxe4 4. fxe4 e5 5. Nf3 Bg4 6. Bc4 Nd7 7. c3 Bd6 8. 0-0 Ngf6 9. Qb3 0-0 10. Qxb7 Bxf3 11. Rxf3 Rb8 12. Qxc6 Rb6 13. Qa4 exd4 14. cxd4 Nxe4 15. Qc2 Qh4 16. g3 Bxg3 17. hxg3 Nxg3 18. Qh2 Qxd4+ 19. Be3 Qd1+ 20. Kg2 Rxb2+ 21. Nd2 Rxd2+ 22. Bxd2 Qxd2+ 23. Kxg3 Qg5+ 24. Kf2 Qc5+ 25. Kg2 Qxc4 26. Raf1 Qxa2+ 27. R1f2 Qd5 28. Kg1 Ne5 29. Rf5 Qd1+ 30. Rf1 Qg4+ 31. Kh1 Qe4+ 32. Kg1 Ng4 33. Qh4 Qe3+ 34. Kh1 Qe4+ 35. Kg1 Nf6 36. R1f4 Qe3+ 37. Kg2 Rd8 38. Rf3 Rd2+ 39. Rf2 Rxf2+ 40. Rxf2 Qe4+ 41. Qxe4 Nxe4 42. Ra2 g6 43. Rxa7 Kg7 44. Kf3 Nc5 45. Kg4 Kf6 46. Ra5 Ne6 47. Ra6 h6 48. Rb6 Kg7 49. Rb7 g5 50. Kf5 Nd4+ 51. Ke4 Ne6 52. Kf5 Nf4 53. Ra7 Ng2 54. Ra6 Nf4 55. Ra7 Ne6 56. Rb7 h5 57. Rb6 h4 58. Rb7 h3 59. Kg4 Nf4 60. Kxg5 h2 61. Rb1 Nh3+ 62. Kh4 Nf2 63. Kg3 h1Q 64. Rxh1 Nxh1+ 65. Kg2 Kg6 66. Kxh1 Kf5 67. Kg2 Kf4 68. Kf2 f5 69. Ke2 Kg3 70. Kf1 Kf3 0-1

[Event "Barcelona Sant Marti op-A 23rd"]
[Site "Barcelona"]
[Date "2023.07.15"]
[Round "3"]
[White "Pardina Domenech, Victor"]
[Black "Kumar, Sanjit S"]
[Result "0-1"]
[WhiteElo "1995"]
[BlackElo "1803"]
[PlyCount "84"]
[EventDate "2023.07.13"]
[EventType "swiss"]
[EventRounds "9"]
[EventCountry "ESP"]
[SourceTitle "CBM 215 Extra"]
[Source "ChessBase"]
[SourceDate "2023.09.30"]
[SourceVersion "1"]
[SourceVersionDate "2023.09.30"]
[SourceQuality "1"]

1. e4 e6 2. Qe2 c5 3. Nf3 Nc6 4. c3 d5 5. exd5 Qxd5 6. g3 b6 7. Bg2 Bb7 8. 0-0 Nf6 9. d3 Be7 10. Nbd2 Rd8 11. Ne1 Qd7 12. Ne4 0-0 13. f4 Ba6 14. Nxf6+ Bxf6 15. Be4 g6 16. Be3 Ne7 17. Rd1 Qa4 18. Nf3 Qxe4 19. c4 Qc6 20. g4 Bb7 21. h4 Bg7 22. Qh2 Qd6 23. h5 Bxf3 24. Rxf3 Bd4 25. Re1 Bxe3+ 26. Rexe3 Qd4 27. Kf1 g5 28. Re4 Qf6 29. Qe2 Nc6 30. Rf2 Nd4 31. Qd2 gxf4 32. g5 Qf5 33. Rexf4 Qh3+ 34. Kg1 Nf5 35. R4f3 Qxh5 36. Qf4 Rd4 37. Qd2 Rg4+ 38. Rg2 Rxg2+ 39. Qxg2 Nh4 40. Rh3 Nxg2 41. Rxh5 Nf4 42. Rh2 Rd8 0-1

[Event "Barcelona Sant Marti op-A 23rd"]
[Site "Barcelona"]
[Date "2023.07.13"]
[Round "1"]
[White "Pardina Domenech, Victor"]
[Black "Macovei, Andrei"]
[Result "0-1"]
[WhiteElo "1995"]
[BlackElo "2436"]
[PlyCount "54"]
[EventDate "2023.07.13"]
[EventType "swiss"]
[EventRounds "9"]
[EventCountry "ESP"]
[SourceTitle "CBM 215 Extra"]
[Source "ChessBase"]
[SourceDate "2023.09.30"]
[SourceVersion "1"]
[SourceVersionDate "2023.09.30"]
[SourceQuality "1"]

1. e4 c6 2. d4 d5 3. e5 Bf5 4. g4 Be4 5. f3 Bg6 6. h4 h5 7. g5 e6 8. Bd3 Bxd3 9. Qxd3 Ne7 10. Ne2 g6 11. Ng3 c5 12. c3 Nec6 13. a3 Qb6 14. Ne2 Nd7 15. b4 c4 16. Qc2 a5 17. Bb2 Ndxe5 18. dxe5 Nxe5 19. Rf1 Nd3+ 20. Kd1 Bg7 21. Nc1 Nxb2+ 22. Qxb2 0-0 23. b5 d4 24. Ne2 Rfd8 25. cxd4 e5 26. d5 Rxd5+ 27. Kc2 Qe3 0-1

[Event "Foment Martinenc op-A 22nd"]
[Site "Barcelona"]
[Date "2022.05.21"]
[Round "5"]
[White "Ruiz Puerta, Jon Ander"]
[Black "Pardina Domenech, Victor"]
[Result "0-1"]
[WhiteElo "1664"]
[BlackElo "1857"]
[PlyCount "96"]
[EventDate "2022.04.23"]
[EventType "swiss"]
[EventRounds "9"]
[EventCountry "ESP"]
[SourceTitle "EXT 2023"]
[Source "ChessBase"]
[SourceDate "2022.10.05"]
[SourceVersion "1"]
[SourceVersionDate "2022.10.05"]
[SourceQuality "1"]

1. d4 Nf6 2. Nc3 d5 3. Bf4 c6 4. e3 g6 5. h4 Bg7 6. Be2 h6 7. Bf3 Nfd7 8. e4 dxe4 9. Nxe4 0-0 10. c3 e5 11. Be3 exd4 12. Bxd4 Ne5 13. Be2 Qd5 14. Ng3 Re8 15. Kf1 Be6 16. Nf3 Nbd7 17. Qc2 Nxf3 18. Bxf3 Qb5+ 19. Be2 Bc4 20. Bxg7 Bxe2+ 21. Nxe2 Kxg7 22. c4 Qe5 23. Qc3 f6 24. Qxe5 Nxe5 25. b3 Rad8 26. Rh3 Rd2 27. Nc3 Ng4 28. Rd1 Rxf2+ 29. Kg1 Re7 30. Rg3 Rf4 31. h5 g5 32. Na4 Rfe4 33. Rf1 Rd4 34. Nc5 b6 35. Na6 Re2 36. Nb4 Ne5 37. Na6 Rd7 38. a4 Red2 39. Re1 Rd1 40. Rge3 Rxe1+ 41. Rxe1 Kf7 42. a5 Rd3 43. c5 Rxb3 44. axb6 axb6 45. Rd1 Ra3 46. Nb8 bxc5 47. Rc1 Ra8 48. Rb1 c4 0-1

[Event "Foment Martinenc op-A 22nd"]
[Site "Barcelona"]
[Date "2022.05.14"]
[Round "4"]
[White "Pardina Domenech, Victor"]
[Black "Vivancos Munoz, Manuel"]
[Result "1-0"]
[WhiteElo "1857"]
[BlackElo "1749"]
[PlyCount "61"]
[EventDate "2022.04.23"]
[EventType "swiss"]
[EventRounds "9"]
[EventCountry "ESP"]
[SourceTitle "EXT 2023"]
[Source "ChessBase"]
[SourceDate "2022.10.05"]
[SourceVersion "1"]
[SourceVersionDate "2022.10.05"]
[SourceQuality "1"]

1. e4 c5 2. Nf3 d6 3. d4 cxd4 4. Nxd4 Nf6 5. Nc3 a6 6. Bg5 e6 7. f4 Be7 8. Qf3 Qc7 9. 0-0-0 Nbd7 10. g4 b5 11. Bxf6 Nxf6 12. g5 Nd7 13. f5 Bxg5+ 14. Kb1 Nb6 15. Ndxb5 axb5 16. Nxb5 Qe7 17. Nxd6+ Kf8 18. e5 Qa7 19. a3 exf5 20. Qh5 h6 21. h4 g6 22. Qf3 Be7 23. h5 Bxd6 24. exd6 Bb7 25. Qc3 Rg8 26. d7 Bxh1 27. d8Q+ Rxd8 28. Rxd8+ Ke7 29. Rxg8 Nd7 30. Qe1+ Kf6 31. Qh4+ 1-0

[Event "Foment Martinenc op-A 22nd"]
[Site "Barcelona"]
[Date "2022.04.23"]
[Round "1"]
[White "Romero Castejon, Daniel"]
[Black "Pardina Domenech, Victor"]
[Result "1-0"]
[WhiteElo "2211"]
[BlackElo "1857"]
[PlyCount "99"]
[EventDate "2022.04.23"]
[EventType "swiss"]
[EventRounds "9"]
[EventCountry "ESP"]
[SourceTitle "EXT 2023"]
[Source "ChessBase"]
[SourceDate "2022.10.05"]
[SourceVersion "1"]
[SourceVersionDate "2022.10.05"]
[SourceQuality "1"]

1. Nf3 Nf6 2. b3 g6 3. Bb2 Bg7 4. g3 0-0 5. Bg2 d6 6. 0-0 c6 7. d4 Bf5 8. c4 Re8 9. Nc3 Ne4 10. Nh4 Nxc3 11. Bxc3 Bd7 12. f4 e5 13. fxe5 dxe5 14. d5 Qb6+ 15. Kh1 Rd8 16. e4 Na6 17. Qe1 Qc7 18. Rd1 Be8 19. Nf3 f6 20. Qd2 cxd5 21. exd5 Qc5 22. Qe2 b5 23. Nd2 Rab8 24. Ne4 Qb6 25. Qd2 b4 26. Bb2 Nc5 27. Nxc5 Qxc5 28. Qe2 Bf7 29. g4 Qc8 30. Be4 Qa6 31. Bc1 Bf8 32. Qf2 Be7 33. c5 Qb7 34. c6 Qc7 35. Bg5 Rd6 36. Be3 Rdd8 37. Rd2 Rb5 38. Rfd1 Qd6 39. Bxa7 Ra8 40. Be3 Raa5 41. Kg1 Ra8 42. Qe2 Rba5 43. Rc1 f5 44. gxf5 gxf5 45. Bxf5 Bd8 46. Be4 Bc7 47. Kh1 Bxd5 48. Bxd5+ Rxd5 49. Qg2+ Kh8 50. Qxd5 1-0

[Event "Barcelona Sant Marti op-B 21st"]
[Site "Barcelona"]
[Date "2019.07.17"]
[Round "5"]
[White "Pardina Domenech, Victor"]
[Black "Garcia Ruiz, Adrian"]
[Result "0-1"]
[WhiteElo "1619"]
[BlackElo "1929"]
[PlyCount "52"]
[EventDate "2019.07.13"]
[EventType "swiss"]
[EventRounds "9"]
[EventCountry "ESP"]
[SourceTitle "EXT 2020"]
[Source "ChessBase"]
[SourceDate "2019.10.17"]
[SourceVersion "1"]
[SourceVersionDate "2019.10.17"]
[SourceQuality "1"]

1. e4 e5 2. Nf3 Nc6 3. d4 exd4 4. Nxd4 Bc5 5. Be3 Qf6 6. c3 Nge7 7. Be2 0-0 8. 0-0 b6 9. f4 d5 10. e5 Qh6 11. Rf3 Bxd4 12. cxd4 Bg4 13. Rf1 Nf5 14. Qd2 Bxe2 15. Qxe2 f6 16. e6 Rae8 17. g4 Ncxd4 18. Bxd4 Nxd4 19. Qd3 Nxe6 20. Qxd5 Kh8 21. f5 Nf4 22. Qf3 Ne2+ 23. Kg2 Nd4 24. Qd1 Re2+ 25. Rf2 Rxf2+ 26. Kxf2 Qxh2+ 0-1

[Event "Barcelona Sant Marti op-B 21st"]
[Site "Barcelona"]
[Date "2019.07.13"]
[Round "1"]
[White "Pardina Domenech, Victor"]
[Black "Parayre Soguero, Jordi"]
[Result "1-0"]
[WhiteElo "1619"]
[BlackElo "1948"]
[PlyCount "61"]
[EventDate "2019.07.13"]
[EventType "swiss"]
[EventRounds "9"]
[EventCountry "ESP"]
[SourceTitle "EXT 2020"]
[Source "ChessBase"]
[SourceDate "2019.10.17"]
[SourceVersion "1"]
[SourceVersionDate "2019.10.17"]
[SourceQuality "1"]

1. e4 e5 2. Nf3 Nc6 3. d4 exd4 4. Nxd4 Bc5 5. Be3 Qf6 6. c3 Nge7 7. Bc4 Ne5 8. Be2 Qg6 9. 0-0 d6 10. Kh1 Bg4 11. Nd2 0-0-0 12. b4 Bxe2 13. Qxe2 Bxd4 14. cxd4 Ng4 15. Rfc1 Nxe3 16. Qxe3 d5 17. e5 Nf5 18. Qc3 Qb6 19. a4 Rd7 20. Nb3 Re8 21. Qd3 g6 22. b5 a6 23. Nc5 Rde7 24. bxa6 bxa6 25. Rab1 Qa5 26. Qb3 Qb6 27. Qxd5 c6 28. Rxb6 cxd5 29. Nxa6+ Kd8 30. Rb8+ Kd7 31. Rc7+ 1-0

[Event "Foment Martinenc op-C 21st"]
[Site "Barcelona"]
[Date "2019.06.15"]
[Round "8"]
[White "Pardina Domenech, Victor"]
[Black "Marzo Ruiz, Xavier"]
[Result "1-0"]
[WhiteElo "1729"]
[BlackElo "1716"]
[PlyCount "83"]
[EventDate "2019.04.27"]
[EventType "swiss"]
[EventRounds "9"]
[EventCountry "ESP"]
[SourceTitle "EXT 2020"]
[Source "ChessBase"]
[SourceDate "2019.10.17"]
[SourceVersion "1"]
[SourceVersionDate "2019.10.17"]
[SourceQuality "1"]

1. e4 g6 2. d4 Bg7 3. Nc3 a6 4. Be3 b5 5. Qd2 Bb7 6. 0-0-0 e6 7. f3 d6 8. g4 Nd7 9. h4 Nb6 10. h5 Nc4 11. Bxc4 bxc4 12. hxg6 fxg6 13. Qe2 Ne7 14. Qxc4 d5 15. Qd3 dxe4 16. fxe4 Nc6 17. Nge2 Qd7 18. d5 Ne5 19. Qd2 Nxg4 20. Nf4 exd5 21. exd5 h5 22. Ne6 Nxe3 23. Qxe3 Bh6 24. Ng5+ Qe7 25. Qxe7+ Kxe7 26. Rhg1 Rad8 27. Kb1 c6 28. Rde1+ Kf8 29. Ne6+ Ke7 30. Nxd8+ Kxd8 31. dxc6 Bxc6 32. Rd1+ Kc7 33. Rxg6 h4 34. Rdd6 Bf4 35. Rxc6+ Kd7 36. Rcf6 h3 37. Rg1 Bh2 38. Rh1 Be5 39. Rxa6 Rg8 40. Rh6 h2 41. Ne2 Rg2 42. Re1 1-0

[Event "Foment Martinenc op-C 21st"]
[Site "Barcelona"]
[Date "2019.06.08"]
[Round "7"]
[White "Mangues Rubia, Alex"]
[Black "Pardina Domenech, Victor"]
[Result "0-1"]
[WhiteElo "1668"]
[BlackElo "1729"]
[PlyCount "72"]
[EventDate "2019.04.27"]
[EventType "swiss"]
[EventRounds "9"]
[EventCountry "ESP"]
[SourceTitle "EXT 2020"]
[Source "ChessBase"]
[SourceDate "2019.10.17"]
[SourceVersion "1"]
[SourceVersionDate "2019.10.17"]
[SourceQuality "1"]

1. d4 Nf6 2. Bf4 g6 3. Nc3 Bg7 4. e4 d6 5. Qd2 0-0 6. 0-0-0 Nbd7 7. f3 a6 8. Bh6 e5 9. d5 Nh5 10. g4 Bxh6 11. Qxh6 Nf4 12. Nge2 Nxe2+ 13. Bxe2 Qf6 14. g5 Qf4+ 15. Kb1 Nf6 16. Rdg1 Bd7 17. Rg3 Kh8 18. Rg4 Bxg4 19. fxg4 Nxe4 20. Nxe4 Qxe4 21. Re1 Qxd5 22. Bd3 Qg2 23. Rf1 e4 24. Bc4 d5 25. Bxa6 bxa6 26. Rd1 Qxg4 27. Kc1 e3 28. Re1 Rab8 29. c3 Qg2 30. b4 Qd2+ 31. Kb1 Qxe1+ 32. Kb2 Qe2+ 33. Ka3 Qc4 34. Kb2 d4 35. cxd4 Rxb4+ 36. Ka1 Qc3# 0-1

[Event "Foment Martinenc op-C 21st"]
[Site "Barcelona"]
[Date "2019.05.04"]
[Round "2"]
[White "Pardina Domenech, Victor"]
[Black "Fuente Pulido, Aitor"]
[Result "1-0"]
[WhiteElo "1729"]
[BlackElo "1658"]
[PlyCount "85"]
[EventDate "2019.04.27"]
[EventType "swiss"]
[EventRounds "9"]
[EventCountry "ESP"]
[SourceTitle "EXT 2020"]
[Source "ChessBase"]
[SourceDate "2019.10.17"]
[SourceVersion "1"]
[SourceVersionDate "2019.10.17"]
[SourceQuality "1"]

1. e4 d5 2. exd5 Qxd5 3. Nc3 Qd8 4. d4 Nf6 5. Bc4 c6 6. Nf3 Bf5 7. 0-0 e6 8. h3 Bd6 9. Bb3 Nbd7 10. Re1 0-0 11. Nh4 Re8 12. Nxf5 exf5 13. Rxe8+ Qxe8 14. Ne2 Qe7 15. Bf4 Re8 16. Bxd6 Qxd6 17. Qd3 Nc5 18. Qg3 Qd7 19. dxc5 Rxe2 20. Qb8+ Qe8 21. Qxb7 Ne4 22. Rd1 Nd2 23. Ba4 Re1+ 24. Rxe1 Qxe1+ 25. Kh2 Qe5+ 26. g3 Nf3+ 27. Kg2 Nh4+ 28. gxh4 Qe4+ 29. Kf1 Qh1+ 30. Ke2 Qe4+ 31. Kd2 Qd4+ 32. Kc1 g6 33. Bb3 Kg7 34. Qxc6 Qxf2 35. Qd6 Qe3+ 36. Qd2 Qg1+ 37. Qd1 Qe3+ 38. Kb1 Qxc5 39. a3 Qe3 40. Qd7 Qxh3 41. Qxf7+ Kh6 42. Qf6 Kh5 43. Qg5# 1-0

[Event "Foment Martinenc op-C 20th"]
[Site "Barcelona"]
[Date "2018.06.02"]
[Round "7"]
[White "Fernandez Huerta Rodriguez Ma, Sergio"]
[Black "Pardina Domenech, Victor"]
[Result "1-0"]
[WhiteElo "1656"]
[BlackElo "1500"]
[PlyCount "54"]
[EventDate "2018.04.21"]
[EventType "swiss"]
[EventRounds "9"]
[EventCountry "ESP"]
[SourceTitle "CBM 184 Extra"]
[Source "ChessBase"]
[SourceDate "2018.06.28"]
[SourceVersion "1"]
[SourceVersionDate "2018.06.28"]
[SourceQuality "1"]

1. e4 c6 2. d3 d5 3. Nd2 dxe4 4. Nxe4 Bf5 5. Ng3 Bg6 6. Nf3 e6 7. Ne5 Qa5+ 8. c3 Qxe5+ 9. Be3 Nd7 10. d4 Qc7 11. Be2 Ngf6 12. Bf3 Be7 13. 0-0 0-0 14. Re1 Rfe8 15. Bh5 Bxh5 16. Nxh5 Nxh5 17. Qxh5 Nf6 18. Qh3 Rad8 19. Rad1 Rd5 20. g4 c5 21. c4 Rd7 22. g5 Ne4 23. f3 Nxg5 24. Bxg5 Bxg5 25. d5 e5 26. Re2 Qa5 27. Qxd7 Qxa2 1-0

[Event "Foment Martinenc op-C 20th"]
[Site "Barcelona"]
[Date "2018.05.12"]
[Round "4"]
[White "Pardina Domenech, Victor"]
[Black "Alonso Vidal, David"]
[Result "1/2-1/2"]
[WhiteElo "1500"]
[BlackElo "1685"]
[PlyCount "75"]
[EventDate "2018.04.21"]
[EventType "swiss"]
[EventRounds "9"]
[EventCountry "ESP"]
[SourceTitle "CBM 184 Extra"]
[Source "ChessBase"]
[SourceDate "2018.06.28"]
[SourceVersion "1"]
[SourceVersionDate "2018.06.28"]
[SourceQuality "1"]

1. e4 e5 2. Nf3 Nc6 3. Bc4 Bc5 4. 0-0 d6 5. d3 Bg4 6. h3 Bd7 7. Nc3 Be6 8. Bxe6 fxe6 9. Re1 Qe7 10. Bg5 Nf6 11. Bxf6 Qxf6 12. Qd2 h6 13. Nb5 Bb6 14. Nc3 Ba5 15. Qe2 Nd4 16. Nxd4 exd4 17. Qh5+ Qf7 18. Qxa5 dxc3 19. Qxc3 Rf8 20. Rf1 Qe7 21. Rfe1 e5 22. b3 Rf6 23. Qc4 0-0-0 24. Qa4 Kb8 25. Re2 Qf8 26. Qb4 Rg6 27. Qd2 Qf3 28. g3 Qf4 29. Qxf4 exf4 30. g4 h5 31. Kg2 hxg4 32. hxg4 Rxg4+ 33. Kf3 Rh4 34. Ree1 g5 35. Rh1 Rdh8 36. Rxh4 Rxh4 37. Rg1 Rh3+ 38. Kg4 1/2-1/2